[Event "R1 Blaye-Albi"]
[Site "Albi"]
[Date "2004.10.10"]
[Round "1.5"]
[White "Gayraud, Christian"]
[Black "Homere, Cédric"]
[Result "1-0"]
[WhiteElo "1380"]
[BlackElo "1590"]
[EventDate "2004.??.??"]
[PlyCount "99"]

1.e4 e5 2.Nf3 Bd6 3.Bc4 Nf6 4.Nc3 c6 5.d4 Qe7 6.Bg5 Bc7 7.O-O d6 8.dxe5 
dxe5 9.Qe2 Nbd7 10.Rfd1 Nb6 11.Bd3 Bd7 12.h3 h6 13.Bh4 g5 14.Bg3 O-O-O 15.
Nh2 Be6 16.f3 Nh7 17.a3 Nf8 18.b4 Ng6 19.Rdb1 Nf4 20.Bxf4 gxf4 21.Kh1 h5 
22.a4 Rd4 23.b5 Nc4 24.bxc6 bxc6 25.Nd1 Rhd8 26.Nf1 Ba5 27.Rb3 Qc5 28.Rab1
Na3 29.Rb8+ Kd7 30.R1b7+ Bc7 31.Rxd8+ Kxd8 32.Qf2 Bc8 33.Rxc7 Kxc7 34.c3 
Rxd3 35.Qxc5 Rxd1 36.Qxe5+ Kb6 37.Kg1 Nc4 38.Qb8+ Bb7 39.Qxf4 Ba6 40.Qb8+ 
Bb7 41.Kf2 Ra1 42.Qf4 Rxa4 43.Qxf7 Ba6 44.Qxh5 Ra5 45.Qh8 Ra2+ 46.Kg3 Nd6 
47.Qd8+ Kc5 48.Ne3 Bb5 49.e5 Nb7 50.Qd4# 1-0

[Event "R1 Blaye-Albi"]
[Site "Albi"]
[Date "2004.10.10"]
[Round "1.4"]
[White "Rouviere, Thomas"]
[Black "Valade, Patrick"]
[Result "1-0"]
[WhiteElo "1550"]
[BlackElo "1610"]
[EventDate "2004.??.??"]
[PlyCount "55"]

1.e4 c5 2.Nf3 d6 3.Bc4 Nf6 4.Nc3 e6 5.Bd3 Nc6 6.O-O a6 7.Ne2 Nb4 8.a3 Nxd3
9.cxd3 Be7 10.Qc2 Qc7 11.b4 Bd7 12.bxc5 dxc5 13.e5 Ng4 14.d4 Rc8 15.h3 Nh6
16.g4 Qb8 17.Qa2 Bc6 18.Qb3 Bxf3 19.Qxf3 cxd4 20.Nxd4 Qxe5 21.Qxb7 Rb8 22.
Qxe7+ Kxe7 23.Nc6+ Kd6 24.Nxe5 Kxe5 25.Ra2 Rhd8 26.Bb2+ Ke4 27.Bxg7 Nxg4 
28.f3+ 1-0

[Event "R1 Blaye-Albi"]
[Site "Albi"]
[Date "2004.10.10"]
[Round "1.3"]
[White "Jalras, Laurent"]
[Black "Reyna, Quentin"]
[Result "1-0"]
[WhiteElo "1720"]
[BlackElo "1530"]
[EventDate "2004.??.??"]
[PlyCount "83"]

1.e4 d5 2.exd5 Qxd5 3.Nc3 Qd8 4.d4 Nf6 5.Nf3 Bg4 6.Be3 a6 7.h3 Bf5 8.Bd3 
Bxd3 9.Qxd3 Nc6 10.a3 e6 11.O-O h6 12.Rad1 Bd6 13.Ne4 Nxe4 14.Qxe4 Qd7 15.
Bf4 f5 16.Qe3 Bxf4 17.Qxf4 g5 18.Qe3 O-O-O 19.Ne5 Qe8 20.Rfe1 Kb8 21.c3 
Nxe5 22.Qxe5 Rd6 23.Rd2 h5 24.Rde2 Rh6 25.Qxf5 exf5 26.Rxe8+ Ka7 27.R8e5 
Rdf6 28.d5 g4 29.Re6 c6 30.Rxf6 Rxf6 31.Re6 Rf7 32.dxc6 bxc6 33.hxg4 hxg4 
34.Rxc6 Kb7 35.Rc4 Rc7 36.Rxc7+ Kxc7 37.Kf1 Kc6 38.Ke2 Kd6 39.Ke3 Ke5 40.
g3 a5 41.b4 a4 42.c4 1-0

[Event "R1 Blaye-Albi"]
[Site "Albi"]
[Date "2004.10.10"]
[Round "1.2"]
[White "Lambolez, Alexandre"]
[Black "Olle, Jean Pierre"]
[Result "0-1"]
[WhiteElo "1700"]
[BlackElo "1760"]
[EventDate "2004.??.??"]
[PlyCount "56"]

1.e4 c5 2.Nc3 Nc6 3.f4 d6 4.Nf3 g6 5.Bc4 Bg7 6.d3 e6 7.Be3 Nge7 8.d4 cxd4 
9.Bxd4 Nxd4 10.Nxd4 a6 11.Nf3 Qc7 12.Qd3 O-O 13.O-O-O d5 14.exd5 exd5 15.
Nxd5 Nxd5 16.Bxd5 Qxf4+ 17.Nd2 Bf5 18.Qc4 Qe5 19.c3 Rac8 20.Qb3 Rc5 21.Bf3
Rfc8 22.Nb1 Bh6+ 23.Rd2 Bxb1 24.Kxb1 Bxd2 25.Rf1 R8c7 26.Rd1 Qf5+ 27.Ka1 
Rxc3 28.bxc3 Bxc3+ 0-1

[Event "R1 Blaye-Albi"]
[Site "Albi"]
[Date "2004.10.10"]
[Round "1.1"]
[White "Arlabosse, Nicolas"]
[Black "Eb-Levadoux, Yvan"]
[Result "1/2-1/2"]
[WhiteElo "1840"]
[BlackElo "1740"]
[EventDate "2004.??.??"]
[PlyCount "126"]

1.e4 e5 2.Nf3 Nc6 3.Nc3 Nf6 4.Bb5 Bc5 5.O-O d6 6.h3 O-O 7.Re1 a6 8.Ba4 b5 
9.Bb3 Bb7 10.Nd5 Nd4 11.c3 Ne6 12.d4 exd4 13.cxd4 Ba7 14.Qd3 c6 15.Nf4 Qe7
16.Nxe6 fxe6 17.Ng5 d5 18.e5 Ne4 19.Nxe4 dxe4 20.Qxe4 c5 21.Qg4 cxd4 22.
Qxe6+ Qxe6 23.Bxe6+ Kh8 24.Bg4 Rae8 25.Bd2 Re7 26.e6 d3 27.Be3 Bxe3 28.
Rxe3 Bd5 29.b3 Rf6 30.Rc1 h6 31.Rxd3 Bxe6 32.Bxe6 Rexe6 33.Kf1 Re5 34.Rcc3
b4 35.Re3 Rd5 36.Rc8+ Kh7 37.Rce8 Rd2 38.Re2 Rd1+ 39.Re1 Rd2 40.R8e2 Rd4 
41.f3 Rfd6 42.Kf2 Rd3 43.g3 Rc3 44.f4 Rdd3 45.Re3 Rd2+ 46.R1e2 Rcc2 47.
Rxd2 Rxd2+ 48.Re2 Rd3 49.Rc2 h5 50.Re2 h4 51.gxh4 Rxh3 52.Kg2 Rxh4 53.Kg3 
Rh6 54.f5 Rd6 55.Kf4 Kg8 56.Rc2 Kf7 57.Ke5 Ke7 58.Rc7+ Rd7 59.Rc6 Ra7 60.
f6+ gxf6+ 61.Rxf6 a5 62.Rh6 Rc7 63.Rh7+ Kd8 1/2-1/2

[Event "N4R1-Auch-Loures Barousse"]
[Site "?"]
[Date "2004.10.11"]
[Round "?"]
[White "Verges, Jean"]
[Black "Lavolé, Olivier"]
[Result "1/2-1/2"]
[WhiteElo "1620"]
[BlackElo "1560"]
[EventDate "2004.??.??"]
[PlyCount "56"]

1.Nf3 {0} 1...c6 2.d4 Nf6 3.c4 d5 4.Nc3 e6 5.e3 Bb4 6.Bd2 dxc4 7.Bxc4 O-O 
8.Qc2 Nbd7 9.O-O Qe7 10.a3 Bd6 11.Ne4 Nxe4 12.Qxe4 Nf6 13.Qc2 e5 14.dxe5 
Bxe5 15.Nxe5 Qxe5 16.Bc3 Qg5 17.Bxf6 Qxf6 18.Rfd1 Be6 19.Rd6 Rad8 20.Rad1 
Rxd6 21.Rxd6 Bf5 22.Rxf6 Bxc2 23.Rd6 Bf5 24.f3 Bc8 25.Kf2 h6 26.e4 Re8 27.
Ke3 Kf8 28.Kd4 Ke7 1/2-1/2

[Event "N4R1-Auch-Loures Barousse"]
[Site "?"]
[Date "2004.10.11"]
[Round "?"]
[White "Tran, Jean-Claude"]
[Black "Cordier, Michel"]
[Result "1/2-1/2"]
[WhiteElo "1660"]
[BlackElo "1530"]
[EventDate "2004.??.??"]
[PlyCount "68"]

1.d4 Nf6 2.c4 e6 3.Nc3 Bb4 4.Qc2 c5 5.Nf3 d5 6.Bd2 Bxc3 7.bxc3 Nbd7 8.e3 
Qc7 9.cxd5 exd5 10.c4 cxd4 11.Nxd4 dxc4 12.Bxc4 Nb6 13.Bd3 Qxc2 14.Nxc2 
O-O 15.Nd4 Bd7 16.Nb5 Bxb5 17.Bxb5 Rac8 18.O-O Rfd8 19.Bb4 Rd5 20.Be2 Rd7 
21.Rfd1 Nbd5 22.Be1 Nc3 23.Bxc3 Rxc3 24.Rxd7 Nxd7 25.Rd1 Nf8 26.Bf3 b6 27.
g3 Ra3 28.Rd2 Rc3 29.Kf1 g6 30.Bd5 Kg7 31.Ke2 Rc7 32.Bb3 Nd7 33.Rc2 Nc5 
34.h3 Rd7 1/2-1/2

[Event "N4R1-Auch-Loures Barousse"]
[Site "?"]
[Date "2004.10.11"]
[Round "?"]
[White "Ponsolle, René"]
[Black "Join, Etienne"]
[Result "0-1"]
[WhiteElo "1500"]
[BlackElo "1750"]
[EventDate "2004.??.??"]
[PlyCount "114"]

1.e4 e5 2.Nf3 Nc6 3.Bb5 a6 4.Ba4 Bc5 5.O-O d6 6.c3 b5 7.Bc2 Bg4 8.d3 Qf6 
9.Be3 Bxf3 10.Qxf3 Qxf3 11.gxf3 Bb6 12.Nd2 Nge7 13.Bxb6 cxb6 14.a4 bxa4 
15.Bxa4 Kd7 16.Kh1 b5 17.Bb3 f6 18.Rg1 g5 19.Nf1 a5 20.Ne3 a4 21.Bd5 Ra6 
22.h3 b4 23.Bc4 Ra5 24.Nd5 Nxd5 25.exd5 Ne7 26.cxb4 Ra7 27.Bb5+ Kc7 28.Bc4
Rb8 29.b5 Kb6 30.Ra3 Nf5 31.Kg2 Nd4 32.Rd1 Kc5 33.Rd2 Nxb5 34.Bxb5 Rxb5 
35.Rc2+ Kxd5 36.Rc4 Rxb2 37.Rcxa4 Rxa4 38.Rxa4 Rb3 39.h4 h6 40.hxg5 hxg5 
41.Kg3 Rxd3 42.Ra5+ Ke6 43.Kg2 Rd1 44.Ra6 Kf5 45.Ra4 d5 46.Rb4 d4 47.Rb6 
d3 48.Rd6 d2 49.Rd8 Kf4 50.Rd6 f5 51.Rd8 g4 52.fxg4 Kxg4 53.f3+ Kf4 54.Kf2
Rh1 55.Ke2 d1=R 56.Rxd1 Rxd1 57.Kxd1 Kxf3 0-1

[Event "N4R1-Auch-Loures Barousse"]
[Site "?"]
[Date "2004.10.11"]
[Round "?"]
[White "Pokee, Anne"]
[Black "Ribou, Jacques"]
[Result "1-0"]
[WhiteElo "1991"]
[BlackElo "1870"]
[EventDate "2004.??.??"]
[PlyCount "73"]

1.e4 c5 2.Nf3 e6 3.c3 Nf6 4.d3 Nc6 5.Be2 Be7 6.O-O O-O 7.Bg5 d6 8.Nbd2 Qc7
9.d4 b6 10.Bxf6 Bxf6 11.Nc4 e5 12.d5 Ne7 13.Ne1 Bg5 14.Nf3 Bf6 15.Re1 Bg4 
16.Ne3 Bd7 17.Nd2 g6 18.Bg4 Bg7 19.Bxd7 Qxd7 20.a4 h5 21.Nec4 f5 22.Qb3 
Bh6 23.Nxe5 dxe5 24.d6+ Kh7 25.dxe7 Qxe7 26.Nf3 Bf4 27.Rad1 Rad8 28.Rxd8 
Rxd8 29.exf5 gxf5 30.g3 Qg7 31.Qe6 Rf8 32.Nxe5 h4 33.Nd3 hxg3 34.Nxf4 
gxh2+ 35.Kxh2 Rf6 36.Qe7 Rh6+ 37.Nh3 1-0

[Event "N4R1-Auch-Loures Barousse"]
[Site "?"]
[Date "2004.10.11"]
[Round "?"]
[White "Oriot, Patrice"]
[Black "Golic, Nadil"]
[Result "1-0"]
[WhiteElo "2090"]
[BlackElo "1910"]
[EventDate "2004.??.??"]
[PlyCount "131"]

1.e4 c6 2.d4 d5 3.Nd2 dxe4 4.Nxe4 Bf5 5.Ng3 Bg6 6.h4 h6 7.Nh3 e6 8.Nf4 Bh7
9.Bc4 Nf6 10.c3 Nd5 11.Qh5 Qd6 12.Qg4 Nd7 13.Bxd5 cxd5 14.Nfh5 g6 15.Nf4 
Nf6 16.Qf3 Bg7 17.Nd3 Nd7 18.Bf4 Qe7 19.O-O-O O-O 20.Qe3 h5 21.Bh6 Rac8 
22.Bxg7 Kxg7 23.Nf4 Qd6 24.Nge2 Nf6 25.f3 b5 26.Qe5 Qxe5 27.dxe5 Nd7 28.
Nd3 b4 29.Nxb4 Nxe5 30.Nd4 a5 31.Nbc2 Rfd8 32.Rhe1 Nc6 33.Nxc6 Rxc6 34.Nd4
Rcc8 35.Re5 Rd6 36.Re3 Rb6 37.Rd2 Bg8 38.Rde2 Rd8 39.Re5 Rdd6 40.f4 a4 41.
a3 Rd7 42.R5e3 Rdb7 43.Rd3 Rc7 44.Red2 Rc4 45.g3 Bh7 46.Re3 Bg8 47.Nf3 Rc7
48.Rd4 Ra7 49.Ne5 f6 50.Nd3 Ra5 51.Rb4 Rxb4 52.cxb4 Ra6 53.Nc5 Rc6 54.Kd2 
d4 55.Re4 e5 56.fxe5 fxe5 57.Rxe5 Rf6 58.Kd3 Rf3+ 59.Kxd4 Rxg3 60.b5 Rg2 
61.Nd3 Rg4+ 62.Re4 Be6 63.Nc5 Rxe4+ 64.Kxe4 Bc8 65.b6 Kf6 66.Kf4 1-0

[Event "N4R1-Auch-Loures Barousse"]
[Site "?"]
[Date "2004.10.11"]
[Round "?"]
[White "Levieux, Pascal"]
[Black "Bricard, Hervé"]
[Result "0-1"]
[WhiteElo "2059"]
[BlackElo "2129"]
[EventDate "2004.??.??"]
[PlyCount "78"]

1.Nf3 c5 2.g3 Nc6 3.Bg2 g6 4.c4 Bg7 5.O-O e6 6.Nc3 Nge7 7.d3 d5 8.cxd5 
exd5 9.Bg5 Be6 10.Rc1 O-O 11.Na4 b6 12.b3 h6 13.Bf4 Qd7 14.Be3 d4 15.Bd2 
Nd5 16.Qc2 Rac8 17.Qb1 Bh3 18.a3 Bxg2 19.Kxg2 Rce8 20.Rfe1 Re6 21.e4 dxe3 
22.fxe3 f5 23.b4 cxb4 24.axb4 Rfe8 25.Qb3 Kh7 26.b5 Ne5 27.Nd4 Rd6 28.h3 
Nf7 29.Nf3 Rde6 30.d4 Bf6 31.Nb2 Nc7 32.Rc6 Nxb5 33.d5 Rd6 34.Qxb5 Rxd5 
35.Qc4 Ne5 36.Nxe5 Rxd2+ 37.Re2 Rxe2+ 38.Qxe2 Bxe5 39.Qc4 Rd8 0-1

[Event "N4R1-Auch-Loures Barousse"]
[Site "?"]
[Date "2004.10.11"]
[Round "?"]
[White "David, Philippe"]
[Black "Devecchi, Jorge"]
[Result "0-1"]
[WhiteElo "1350"]
[BlackElo "1660"]
[EventDate "2004.??.??"]
[PlyCount "96"]

1.e4 e5 2.Nf3 Nf6 3.Nc3 Nc6 4.d4 exd4 5.Nxd4 Bb4 6.f3 Bxc3+ 7.bxc3 O-O 8.
Bd3 Re8 9.O-O b6 10.Bf4 Bb7 11.Nxc6 Bxc6 12.Qd2 d6 13.Rae1 Nh5 14.e5 dxe5 
15.Rxe5 Rxe5 16.Bxe5 Qd5 17.Qe2 Re8 18.Re1 Nf4 19.Qe3 Nxg2 20.Kxg2 Rxe5 
21.Be4 Rxe4 22.fxe4 Qxa2 23.Qd2 h6 24.Kf2 Qe6 25.e5 Qf5+ 26.Ke2 Qxe5+ {?? 
Les noirs oublient le mat en un!} 
    ( 26...Qf3# )
27.Kd1 Qd5 28.Re8+ Kh7 29.Rc8 Qh1+ 30.Qe1 Bf3+ 31.Kd2 Qxh2+ 32.Kc1 Qf4+ 
33.Qd2 Qxd2+ 34.Kxd2 c6 35.Ke3 Bh1 36.Rc7 a5 37.Rxf7 Bd5 38.Ra7 h5 39.Kd4 
Bg2 40.c4 h4 41.c5 b5 42.Rxa5 h3 43.Ke3 h2 44.Ra1 h1=Q 45.Rxh1+ Bxh1 46.c3
Bd5 47.Kf4 Kg6 48.Kg4 Kf6 0-1

[Event "N4R1-Auch-Loures Barousse"]
[Site "?"]
[Date "2004.10.11"]
[Round "?"]
[White "Condeminas, Christian"]
[Black "Rouede, Gilbert"]
[Result "0-1"]
[WhiteElo "1740"]
[BlackElo "1842"]
[EventDate "2004.??.??"]
[PlyCount "54"]

1.e4 c5 2.c3 Nc6 3.d4 cxd4 4.cxd4 d5 5.exd5 Qxd5 6.Nf3 e6 7.Nc3 Qd8 8.Bd3 
Nf6 9.O-O Be7 10.Bg5 O-O 11.a3 a6 12.Rc1 Bd7 13.Bb1 Be8 14.Qd3 g6 15.Bh6 
Qa5 16.Rfe1 Qh5 17.Bxf8 Bxf8 18.Ne4 Nxe4 19.Qxe4 Rd8 20.Red1 Bg7 21.Rc5 
Qxc5 22.dxc5 Rxd1+ 23.Ne1 Bxb2 24.Bc2 Ra1 25.Bd3 Bc3 26.Bf1 Rxe1 27.Qd3 
Nd4 0-1

[Event "N4R1-Lardenne-Condom"]
[Site "?"]
[Date "2004.10.12"]
[Round "?"]
[White "Viaud, Thierry"]
[Black "Aspinall, John"]
[Result "1/2-1/2"]
[WhiteElo "1680"]
[BlackElo "1920"]
[EventDate "2004.??.??"]
[Annotator ",ROUEDE"]
[PlyCount "101"]

1.d4 d6 2.Nf3 Bg4 3.e3 Nd7 4.c4 c6 5.Qb3 Qc7 6.Nc3 e6 7.e4 Ngf6 8.Be3 Be7 
9.Be2 a6 10.d5 exd5 11.exd5 c5 12.Qc2 O-O 13.Ng5 Bxe2 14.Qxe2 Rae8 15.Qc2 
h6 16.h4 Bd8 17.O-O-O Re7 18.Rde1 Rfe8 19.Nd1 Ne5 20.Ne4 Nxe4 21.Qxe4 Qd7 
22.Qc2 Qg4 23.b3 Ba5 24.Ref1 Ng6 25.g3 Qe4 26.Qxe4 Rxe4 27.Kc2 Ne7 28.f3 
Re5 29.Kd3 Nf5 30.Bf4 Re2 31.Rf2 Re1 32.Rhf1 Rxf1 33.Rxf1 Bc7 34.Ne3 Nd4 
35.Rf2 f6 36.g4 g5 37.hxg5 hxg5 38.Bg3 Kf7 39.f4 Kg6 40.fxg5 Kxg5 41.Bf4+ 
Kg6 42.Rh2 Kg7 43.Rh3 Rh8 44.Rxh8 Kxh8 45.Nf5 Nxf5 46.gxf5 Kg7 47.Ke4 Kf7 
48.Bg3 Ke7 49.Bf4 b5 50.Be3 b4 51.Bf2 1/2-1/2

[Event "N4R1-Lardenne-Condom"]
[Site "?"]
[Date "2004.10.12"]
[Round "?"]
[White "Surre, Frédéric"]
[Black "Dargagnon, Rémi"]
[Result "1-0"]
[WhiteElo "1840"]
[BlackElo "2071"]
[EventDate "2004.??.??"]
[Annotator ",ROUEDE"]
[PlyCount "39"]

1.e4 e5 2.Nf3 d6 3.Bc4 Be7 4.d4 exd4 5.Nxd4 Nf6 6.Nc3 O-O 7.Bg5 Nxe4 8.
Bxe7 Qxe7 9.Nd5 Qd8 10.Qf3 c6 11.Ne3 Qa5+ 12.c3 Nxc3 13.O-O d5 14.Bd3 Ne4 
15.Bxe4 dxe4 16.Qxe4 Nd7 17.Ndf5 Nf6 18.Qf4 Bxf5 19.Nxf5 Rae8 20.Qg5 1-0

[Event "N4R1-Lardenne-Condom"]
[Site "?"]
[Date "2004.10.12"]
[Round "?"]
[White "Parpinel, Mario"]
[Black "Beaurain, Louis"]
[Result "1/2-1/2"]
[WhiteElo "1810"]
[BlackElo "1930"]
[EventDate "2004.??.??"]
[Annotator ",ROUEDE"]
[PlyCount "96"]

1.e4 {0} 1...e6 {0} 2.d4 d5 3.Nc3 Nf6 4.Bg5 dxe4 5.Nxe4 Be7 6.Nxf6+ gxf6 
7.Be3 b6 8.Be2 Bb7 9.Bf3 c6 10.Ne2 Nd7 11.Qd2 Qc7 12.Bf4 e5 13.dxe5 fxe5 
14.Bg5 Qd6 15.Qxd6 Bxd6 16.O-O-O Be7 17.Bxe7 Kxe7 18.Rhe1 Rhg8 19.Nd4 Rg6 
20.Nf5+ Ke6 21.Rd6+ Kxf5 22.Rxd7 Bc8 23.Rxf7+ Rf6 24.Rxh7 Kg6 25.Rh5 $4 
Rxf3 26.Rhxe5 Rxf2 27.Re8 Bb7 28.Rxa8 Bxa8 29.Re8 Bb7 30.Re7 Rf7 31.Rxf7 
Kxf7 32.Kd2 Kf6 33.Ke3 Kg5 34.Kf3 a5 35.a3 b5 36.Ke4 c5+ 37.Ke5 Bxg2 38.
Kd6 c4 39.Kc5 Bf1 40.c3 b4 41.axb4 axb4 42.cxb4 Kh4 43.b5 Kh3 44.b6 Bg2 
45.Kxc4 Kxh2 46.b4 Kg3 47.Kc5 Kf4 48.Kd6 Ke3 1/2-1/2

[Event "N4R1-Lardenne-Condom"]
[Site "?"]
[Date "2004.10.12"]
[Round "?"]
[White "Pagnoncelli, Hervé"]
[Black "Reynes, Philippe"]
[Result "1/2-1/2"]
[WhiteElo "1900"]
[BlackElo "1770"]
[EventDate "2004.??.??"]
[Annotator ",ROUEDE"]
[PlyCount "113"]

1.d4 d5 2.Nf3 e6 3.c4 c6 4.e3 f5 5.Bd3 Nf6 6.O-O Bd6 7.b3 Qe7 8.Bb2 O-O 9.
Nbd2 a5 10.Ne5 Nbd7 11.f3 c5 12.f4 Ne4 13.Rc1 Ndf6 14.Ndf3 Bd7 15.Ba3 Be8 
16.Be2 a4 17.Bb2 axb3 18.axb3 Ra2 19.Qc2 cxd4 20.exd4 Ba3 21.Nd3 Ng4 22.
Qb1 Bxb2 23.Qxa2 Bxc1 24.Nxc1 Nc3 25.Qd2 Nxe2+ 26.Qxe2 Nf6 27.Nd3 Ne4 28.
Rc1 Qa3 29.Qb2 Qxb2 30.Nxb2 Bc6 31.Ra1 dxc4 32.bxc4 Nd6 33.Ne5 Be4 34.c5 
Nb5 35.Nbc4 Nxd4 36.Nd6 Ne2+ 37.Kf1 Nxf4 38.Nd7 Bxg2+ 39.Kf2 Rd8 40.Ne5 
Rf8 41.Ra4 Be4 42.Ra7 Nd3+ 43.Nxd3 Bxd3 44.Rxb7 Be4 45.Rc7 Bd5 46.c6 Bxc6 
47.Rxc6 e5 48.Ke3 g5 49.Rc5 f4+ 50.Kf3 h5 51.h3 g4+ 52.hxg4 hxg4+ 53.Kxg4 
f3 54.Rxe5 f2 55.Rg5+ Kh7 56.Rh5+ Kg6 57.Rg5+ 1/2-1/2

[Event "N4R1-Lardenne-Condom"]
[Site "?"]
[Date "2004.10.12"]
[Round "?"]
[White "Muratet, Lucas"]
[Black "Rauzieres, Guy"]
[Result "1-0"]
[WhiteElo "1199"]
[BlackElo "1740"]
[EventDate "2004.??.??"]
[Annotator ",ROUEDE"]
[PlyCount "79"]

1.Nf3 d5 2.d4 g6 3.g3 Bg7 4.Bg2 Nd7 5.c3 Ngf6 6.O-O O-O 7.Nbd2 b6 8.Re1 
Bb7 9.e3 c5 10.b3 Qc7 11.Qc2 Rfe8 12.c4 Rac8 13.Bb2 a6 14.Rac1 cxd4 15.
Bxd4 e5 16.Bb2 b5 17.Red1 Bf8 18.a3 Nb6 19.Nxe5 Rxe5 20.Bxe5 Qxe5 21.Qa2 
Qe7 22.cxd5 Rxc1 23.Rxc1 Nfxd5 24.b4 Bg7 25.Nb3 Nc3 26.Qd2 Nba4 27.Bxb7 
Qxb7 28.Nc5 Nxc5 29.bxc5 b4 30.axb4 Qxb4 31.c6 Be5 32.c7 Bxc7 33.Qxc3 Qxc3
34.Rxc3 Bb6 35.Rc6 Ba5 36.Rxa6 Bc3 37.e4 Kg7 38.f4 f6 39.Kg2 g5 40.Kf3 1-0

[Event "N4R1-Lardenne-Condom"]
[Site "?"]
[Date "2004.10.12"]
[Round "?"]
[White "Jacob, Claude"]
[Black "Foing, Marc"]
[Result "1-0"]
[WhiteElo "1670"]
[BlackElo "1499"]
[EventDate "2004.??.??"]
[Annotator ",ROUEDE"]
[PlyCount "71"]

{89MB, ROUEDE-GILBERT} 
1.e4 d6 2.d4 Nf6 3.Bd3 g6 4.Bg5 Bg7 5.Nf3 Bg4 6.Nbd2 Nbd7 7.c3 O-O 8.h3 
Bxf3 9.Nxf3 e5 10.d5 Nc5 11.Bc2 c6 12.dxc6 bxc6 13.O-O Qc7 14.Qe2 d5 15.
exd5 Nxd5 16.Rfe1 Rfe8 17.Qc4 Ne6 18.Bh4 Nef4 19.Be4 Qb6 20.Rab1 f6 21.Bg3
Rad8 22.Bxf4 exf4 23.Nd4 f5 24.Bxd5+ cxd5 25.Rxe8+ Rxe8 26.Qxd5+ Kh8 27.
Qd7 Rd8 28.Qe7 Bxd4 29.cxd4 Qxd4 30.Re1 Rc8 31.Re5 Qd8 32.Qxa7 Qd1+ 33.Kh2
f3 34.Re7 Qd6+ 35.g3 Qf6 36.Qb7 1-0

[Event "N4R1-Lardenne-Condom"]
[Site "?"]
[Date "2004.10.12"]
[Round "?"]
[White "Fournier, Camille"]
[Black "Videau, Yannick"]
[Result "1-0"]
[WhiteElo "2070"]
[BlackElo "1810"]
[EventDate "2004.??.??"]
[Annotator ",ROUEDE"]
[PlyCount "67"]

1.d4 Nf6 2.Nf3 g6 3.c4 Bg7 4.Nc3 O-O 5.e4 d6 6.Be2 e5 7.O-O Nc6 8.d5 Ne7 
9.b4 a5 10.bxa5 Rxa5 11.a4 Nh5 12.Ba3 b6 13.Bb4 Nf4 14.Bxa5 bxa5 15.Re1 f5
16.Nd2 Nxe2+ 17.Qxe2 f4 18.f3 g5 19.Rab1 h5 20.Rb8 Ng6 21.Nb5 Qe7 22.Nb3 
g4 23.Rxc8 Rxc8 24.fxg4 Nh4 25.gxh5 Rf8 26.Nd2 f3 27.Nxf3 Nxf3+ 28.gxf3 
Bh6 29.Kh1 Qf7 30.Rg1+ Kh7 31.Qg2 Qxf3 32.Qxf3 Rxf3 33.Nxc7 Rc3 34.Ne8 1-0

[Event "R1 libre echiquier Muret-EVT1"]
[Site "Muret CD"]
[Date "2004.11.06"]
[Round "2.1"]
[White "Moruz, Patrick"]
[Black "Cesbron, Guy"]
[Result "0-1"]
[WhiteElo "1499"]
[BlackElo "2133"]
[EventDate "2004.??.??"]
[PlyCount "77"]

1.e4 e6 2.Nf3 d5 3.exd5 exd5 4.d4 Bd6 5.Nc3 c6 6.Bd3 Ne7 7.Ng5 g6 8.Be3 h6
9.Nf3 Bf5 10.Qd2 Bxd3 11.Qxd3 Nf5 12.a3 Nd7 13.Ne2 Nxe3 14.fxe3 Nf6 15.h3 
Ne4 16.c4 Qa5+ 17.Nc3 Bg3+ 18.Ke2 Nf2 19.b4 Qa6 20.b5 Qa5 21.Qc2 Nxh1 22.
Rxh1 O-O 23.a4 Rac8 24.Nd2 dxc4 25.Nxc4 Qb4 26.Ne4 cxb5 27.Nxg3 Rxc4 28.
Qe4 Qb2+ 29.Kf3 Rxa4 30.Rb1 Qd2 31.Rxb5 Ra2 32.Qxb7 Qxg2+ 33.Kg4 Qxb7 34.
Rxb7 Ra8 35.Ne4 f5+ 36.Kf4 fxe4 37.Kxe4 a5 38.d5 Re8+ 39.Kd4 0-1

[Event "R1 Libre echiquier Muret-EVT1"]
[Site "Muret CD"]
[Date "2004.11.06"]
[Round "2.6"]
[White "Couret, Henri"]
[Black "Dolique, Pascal"]
[Result "1-0"]
[WhiteElo "1490"]
[BlackElo "1290"]
[EventDate "2004.??.??"]
[PlyCount "71"]

1.b4 e5 2.b5 g6 3.Bb2 d6 4.Nf3 Bg7 5.e3 Ne7 6.c4 O-O 7.e4 c6 8.Be2 Nd7 9.
O-O Nc5 10.d3 Bd7 11.a4 Rb8 12.Nc3 f5 13.Rb1 Be6 14.Ba3 Bf7 15.Qc2 Ne6 16.
bxc6 Nxc6 17.Nb5 Qd7 18.Bxd6 Ned4 19.Nfxd4 Nxd4 20.Qb2 f4 21.Bxb8 Rxb8 22.
Nxd4 exd4 23.Qb5 Qe7 24.c5 Be8 25.Qb4 Bc6 26.Qc4+ Kh8 27.a5 a6 28.Rb6 Qc7 
29.Rfb1 Be5 30.f3 h5 31.Bd1 Qd7 32.Bb3 Bg7 33.Qf7 Qc8 34.Bd5 Bxd5 35.Qxd5 
Qc7 36.c6 1-0

[Event "R1 Libre echiquier Muret-EVT1"]
[Site "Muret CD"]
[Date "2004.11.06"]
[Round "2.5"]
[White "Costamagno, Yves"]
[Black "Laplaze, Herve"]
[Result "1-0"]
[WhiteElo "1410"]
[BlackElo "1500"]
[EventDate "2004.??.??"]
[PlyCount "199"]

1.d4 d5 2.g3 e6 3.Bg2 h6 4.Nf3 Nf6 5.O-O Be7 6.c3 Nc6 7.Nbd2 O-O 8.b4 b5 
9.a4 Ba6 10.a5 Qc8 11.Nb3 Ne4 12.Bb2 Nd6 13.Nfd2 Bf6 14.Nc5 Ne7 15.Nxa6 
Qxa6 16.f3 Ndf5 17.Kf2 e5 18.Nb3 exd4 19.cxd4 Rfe8 20.Nc5 Qd6 21.e4 Bxd4+ 
22.Bxd4 Nxd4 23.Qxd4 Nc6 24.Qxd5 Qxd5 25.exd5 Nxb4 26.f4 Rad8 27.Kg1 Nxd5 
28.Bxd5 Rxd5 29.Nb7 a6 30.Rac1 Re7 31.Kg2 f5 32.Rfe1 Red7 33.Re2 Kf8 34.
Nc5 R7d6 35.Ne6+ Kf7 36.Rxc7+ Kf6 37.Nxg7 b4 38.Rb2 Rd7 39.Rxd7 Rxd7 40.
Nh5+ Kg6 41.Rxb4 Kxh5 42.Rb6 Rd2+ 43.Kh3 Ra2 44.Rxa6 Ra3 45.Ra8 Ra4 46.a6 
Ra5 47.a7 Ra6 48.Rf8 Rxa7 49.Rxf5+ Kg6 50.g4 Re7 51.Kh4 Re4 52.Rf8 Kg7 53.
Rf5 Kg6 54.Kg3 Ra4 55.Re5 Kf6 56.h3 Ra3+ 57.Kh4 Ra4 58.Rf5+ Kg6 59.Kg3 
Ra3+ 60.Kg2 Ra2+ 61.Kf1 Ra1+ 62.Ke2 Ra2+ 63.Kd1 Ra1+ 64.Kc2 Rh1 65.Rh5 
Rh2+ 66.Kd3 Rf2 67.Ke3 Rf1 68.f5+ Kg7 69.Ke4 Re1+ 70.Kf4 Rf1+ 71.Kg3 Ra1 
72.f6+ Kg6 73.Rf5 Ra2 74.f7 Ra3+ 75.Kh4 h5 76.Rxh5 Kxf7 77.Kg5 Ra4 78.Rh7+
Kg8 79.Rb7 Ra6 80.Kh5 Re6 81.g5 Rd6 82.h4 Kh8 83.g6 Rd8 84.Kh6 Kg8 85.h5 
Re8 86.Rf7 Re6 87.Ra7 Re8 88.Kg5 Rc8 89.h6 Rc5+ 90.Kf4 Rc8 91.Kf5 Rb8 92.
Re7 Rc8 93.Kf6 Rc6+ 94.Re6 Rc8 95.h7+ Kh8 96.Kf7 Rc7+ 97.Kf6 Rc8 98.Re7 
Rf8+ 99.Kg5 Ra8 100.Kh6 1-0

[Event "R1 Libre echiquier Muret-EVT1"]
[Site "Muret CD"]
[Date "2004.11.06"]
[Round "2.4"]
[White "Taieb, Marcel"]
[Black "Fouhami, Abderrabi"]
[Result "1-0"]
[WhiteElo "1690"]
[BlackElo "1530"]
[EventDate "2004.??.??"]
[PlyCount "89"]

1.d4 d5 2.c4 dxc4 3.e4 b5 4.a4 c6 5.axb5 cxb5 6.b3 cxb3 7.Bxb5+ Bd7 8.Qxb3
Nc6 9.Nf3 f6 10.Bf4 Qb6 11.d5 Nb8 12.Bxd7+ Nxd7 13.Qxb6 Nxb6 14.O-O g5 15.
Be3 Nc8 16.Nc3 a6 17.Ra2 Bg7 18.Rfa1 Nh6 19.h3 Nf7 20.Nb5 O-O 21.Rxa6 Rxa6
22.Rxa6 Ncd6 23.Nxd6 Nxd6 24.Ra7 Re8 25.Nd2 h6 26.Bc5 Kf8 27.Bxd6 exd6 28.
f3 Rc8 29.Rd7 Kg8 30.Rxd6 Kh7 31.Rc6 Rd8 32.Nc4 Kg6 33.g4 Kf7 34.Rc7+ Kg8 
35.d6 Bf8 36.d7 Be7 37.Rc8 Kf8 38.Rxd8+ Bxd8 39.e5 fxe5 40.Nxe5 Bc7 41.Nc6
Kf7 42.d8=Q Bxd8 43.Nxd8+ Kf6 44.Kg2 Ke5 45.Nf7+ 1-0

[Event "R1 Libre echiquier Muret-EVT1"]
[Site "Muret CD"]
[Date "2004.11.06"]
[Round "2.3"]
[White "Hallal, Hakim"]
[Black "Saubiette, Cyrille"]
[Result "0-1"]
[WhiteElo "1499"]
[BlackElo "1750"]
[EventDate "2004.??.??"]
[PlyCount "74"]

1.d4 Nf6 2.Nf3 c6 3.c4 d5 4.Nc3 Bg4 5.Ne5 Bh5 6.f3 e6 7.Bg5 Be7 8.Qd2 Nbd7
9.g4 Bg6 10.Nxg6 hxg6 11.Bf4 dxc4 12.e4 Nb6 13.g5 Nh5 14.Be3 Qc7 15.Bf2 
O-O-O 16.Be2 Nf4 17.Bg3 Bxg5 18.O-O-O Nxe2+ 19.Kb1 Bxd2 20.Bxc7 Nxc3+ 21.
bxc3 Kxc7 22.Rxd2 Rh3 23.Rf2 Nd7 24.Kb2 b5 25.a3 Nf6 26.a4 a5 27.Ra1 Kb6 
28.Kc2 Rdh8 29.Rh1 c5 30.dxc5+ Kxc5 31.axb5 Kxb5 32.Kd2 a4 33.Ke3 Kc5 34.
Ra2 Ra8 35.Rb1 a3 36.Rb7 e5 37.Rxf7 Ng4+ 0-1

[Event "R1 Libre echiquier Muret-EVT1"]
[Site "Muret CD"]
[Date "2004.11.06"]
[Round "2.2"]
[White "Alonso, Jesus"]
[Black "Zarki, Hicham"]
[Result "1-0"]
[WhiteElo "1850"]
[BlackElo "1499"]
[EventDate "2004.??.??"]
[PlyCount "77"]

1.e4 e5 2.Nf3 d6 3.Bc4 Nf6 4.Ng5 d5 5.exd5 Nxd5 6.Nxf7 Kxf7 7.Qf3+ Ke8 8.
Bxd5 Qf6 9.Bxb7 Bxb7 10.Qxb7 Qc6 11.Qxc6+ Nxc6 12.c3 Rd8 13.O-O g6 14.Re1 
Bg7 15.f4 Rd5 16.d4 Kf7 17.fxe5 Ke6 18.Nd2 Bh6 19.Nf3 Bxc1 20.Raxc1 h6 21.
Rcd1 Na5 22.b3 c5 23.c4 Rd7 24.d5+ Kf5 25.e6 Rd6 26.Ne5 Re8 27.Nf7 Ra6 28.
Rd3 Rexe6 29.Rf3+ Kg4 30.h3+ Kh4 31.Rxe6 Rxe6 32.dxe6 Nc6 33.Ne5 Nxe5 34.
e7 Nxf3+ 35.gxf3 a5 36.Kg2 a4 37.e8=Q g5 38.bxa4 h5 39.Qe1# 1-0

[Event "N4R2-Ramonville / Auch"]
[Site "?"]
[Date "2004.11.07"]
[Round "?"]
[White "Tromp, Hendrik"]
[Black "Tran, Jean-Claude"]
[Result "1/2-1/2"]
[WhiteElo "1950"]
[BlackElo "1660"]
[EventDate "2004.??.??"]
[PlyCount "74"]

1.d4 Nf6 2.c4 g6 3.Nc3 Bg7 4.e4 d6 5.Nf3 O-O 6.Be2 Bd7 7.O-O e5 8.d5 a5 9.
Bg5 Qe8 10.Nd2 Na6 11.b3 Nc5 12.a3 h6 13.Be3 Na6 14.Rb1 c5 15.dxc6 bxc6 
16.b4 axb4 17.axb4 Nc7 18.Qb3 Qc8 19.Rfc1 Be6 20.Qb2 d5 21.cxd5 cxd5 22.
Nb5 d4 23.Rxc7 Qb8 24.Bxd4 exd4 25.Ra1 Rxa1+ 26.Qxa1 d3 27.Bxd3 Ne8 28.Qa5
Nxc7 29.Nxc7 Rd8 30.Nd5 Bxd5 31.exd5 Bc3 32.Ne4 Bxb4 33.Nf6+ Kf8 34.Qa1 
Qd6 35.Bb5 Ke7 36.Ne4 Qxd5 37.Qf6+ Kf8 1/2-1/2